000 03801nab a2200313 i 4500
003 BR-BrBNA
005 20250128150229.0
008 250128b2017 bl.mr|pooa||| 00| 0 eng |
040 _aBR-BrBNA
_beng
072 _aL53
_b5400
100 _aAlmeida, Vívian Tavares de
100 _aUscategui, Ricardo Andres Ramirez
100 _aSilva, Priscila Del Aguila da
100 _aAvante, Michele Lopes
100 _aSimões, Ana Paula Rodrigues
100 _aVicente, Wilter Ricardo Russiano
245 _aHemodynamic gestational adaptation in bitches
500 _aPublicação on-line; 41 ref.; Sumaries (En, Pt)
520 _a ABSTRACT - Throughout pregnancy, maternal hemodynamic adaptation is needed to ensure proper uterine perfusion and fetal development. When the uteroplacental vascular system is formed, starting with reduced resistance to uterine arterial flow, this results in decreased total vascular resistance, an activation of neuroendocrine vasoactive peptides, an increase in circulating blood and changes in the cardiovascular system morphophysiology to respond to the increasing demands of uterine perfusion. There has been considerable study of hemodynamic adaptation in pregnant women and this assessment has become a diagnostic tool for fatal obstetric disorders. However, in bitches the available information in this regard is limited; therefore a parallel was drawn between other species of animals and women, in order to subsidize the paucity of information about this process and facilitate the understanding of maternal-fetal hemodynamic adaptation in pregnant bitches. This review and literature analysis aimed\ to discuss morphophysiological cardiovascular adaptations during pregnancy and the possible disorders that can affect this process in pregnant female dogs. Key words: cardiovascular, pregnancy, gestation, morphophysiology, dogs.
520 _a RESUMO - Durante a gestação, a adaptação hemodinâmica materna é necessária para garantir adequada perfusão uterina e desenvolvimento fetal. A formação de um leito vascular uteroplacentário a partir da redução na resistência ao fluxo da artéria uterina reflete na diminuição da resistência vascular total, ativação de fatores neuroendócrinos vasoativos, aumento do volume de sangue circulante e modificações na morfofisiologia do sistema cardiovascular para responder as demandas crescentes de perfusão uterina. Em mulheres gestantes o estudo da adaptação hemodinâmica encontrase bastante desenvolvido e esta avaliação tem se convertido em uma ferramenta diagnóstica de desordens obstétricas que podem comprometer a relação do binômio materno-fetal. Não obstante, em cadelas a informação disponível a este respeito é limitada e por isso traçou-se um paralelo entre outras espécies de animais e mulheres, de maneira que subsidiassem a carência de informações a este respeito e facilitassem o processo de compreensão da adaptação hemodinâmica materno-fetal em cadelas gestantes. Esta revisão e análise da literatura visa abordar a adaptação morfofisiológica cardiovascular frente à gestação e as possíveis desordens que possam acometer este processo em cães. Palavras-chave: cardiovascular, gestação, prenhez, morfofisiologia, cães.
650 _aCÃO
650 _aREPRODUÇÃO ANIMAL
650 _aPRENHEZ
650 _aAPARELHO CIRCULATÓRIO
773 0 _02408
_9346533
_dSanta Maria-RS Universidade Federal de Santa Maria - Centro de Ciências Rurais 1991
_o2024-7204
_tCiência Rural (Brazil)
_x0103-8478 Versão online ISSN 1678-4596
_gv. 47(7) p. 1-6 ; (2017)
_wBR2024004259
856 _uhttps://www.scielo.br/j/cr/a/WrMtdy6hd6csfVsWyZ56KNc/?format=pdf&lang=en
942 _cANA
999 _c329709
_d329709